000 00307nam a22001337a 4500
082 _a894.812
_bPAU/P
100 _aVARGHESE PAUL
245 _aPADIKKAN PADIKUKA
250 _aFIRST EDITION
260 _aCHALAKUDY
_bAKSHAYA PUBLICATIONS
_c2001
300 _a96
650 _aMOTIVATIONAL
_zKERALA
942 _cBK
999 _c1162
_d1162